[Event "Gelsenkirchen Koenigsspringer op"]
[Site "Gelsenkirchen"]
[Date "2019.12.29"]
[Round "5"]
[White "Raabe, Stefan"]
[Black "Adiyaman, Rene"]
[Result "0-1"]
[WhiteElo "1948"]
[BlackElo "2119"]
[PlyCount "56"]
[EventDate "2019.12.27"]
[EventType "swiss"]
[EventRounds "7"]
[EventCountry "GER"]
[SourceTitle "CBM 194 Extra"]
[Source "ChessBase"]
[SourceDate "2020.03.31"]
[SourceVersion "1"]
[SourceVersionDate "2020.03.31"]
[SourceQuality "1"]

1. e4 e5 2. Nf3 Nc6 3. Bc4 Bc5 4. d3 Nf6 5. Nc3 a6 6. Bg5 h6 7. Bh4 g5 8. Bg3 d6 9. a3 Bg4 10. h3 Bh5 11. Ne2 Qd7 12. c3 Ba7 13. Bh2 Bxf3 14. gxf3 Qxh3 15. Ng3 b5 16. Ba2 Qg2 17. Qe2 Nh5 18. 0-0-0 Nf4 19. Qc2 Qxf3 20. d4 0-0-0 21. Nf5 exd4 22. cxd4 Ne2+ 23. Kb1 Nexd4 24. Nxd4 Nxd4 25. Qd3 Qxd3+ 26. Rxd3 Rhe8 27. f3 f5 28. exf5 Nxf5 0-1

[Event "Gelsenkirchen Silvester op 6th"]
[Site "Gelsenkirchen"]
[Date "2018.12.30"]
[Round "7"]
[White "Meissner, Felix"]
[Black "Adiyaman, Rene"]
[Result "0-1"]
[WhiteElo "2350"]
[BlackElo "2172"]
[PlyCount "46"]
[EventDate "2018.12.27"]
[EventType "swiss"]
[EventRounds "7"]
[EventCountry "GER"]
[SourceTitle "CBM 188 Extra"]
[Source "ChessBase"]
[SourceDate "2019.02.26"]
[SourceVersion "1"]
[SourceVersionDate "2019.02.26"]
[SourceQuality "1"]

1. e4 e5 2. Nf3 Nc6 3. g3 Nf6 4. d3 b6 5. Bg2 d6 6. 0-0 Bb7 7. Re1 g6 8. d4 h6 9. a4 Bg7 10. b3 Ne7 11. a5 0-0 12. c4 Nd7 13. Nc3 bxa5 14. Rxa5 c5 15. Ra2 a6 16. Nd2 Nb6 17. Na4 Nec8 18. Qc2 Nxa4 19. Rxa4 Nb6 20. Ra3 a5 21. h4 Nd7 22. Nb1 Nf6 23. Bd2 Bc8 0-1

[Event "Gelsenkirchen Silvester op 6th"]
[Site "Gelsenkirchen"]
[Date "2018.12.27"]
[Round "1"]
[White "Turp, Hueseyin"]
[Black "Adiyaman, Rene"]
[Result "0-1"]
[WhiteElo "1652"]
[BlackElo "2172"]
[PlyCount "67"]
[EventDate "2018.12.27"]
[EventType "swiss"]
[EventRounds "7"]
[EventCountry "GER"]
[SourceTitle "CBM 188 Extra"]
[Source "ChessBase"]
[SourceDate "2019.02.26"]
[SourceVersion "1"]
[SourceVersionDate "2019.02.26"]
[SourceQuality "1"]

1. d4 Nf6 2. Bf4 d6 3. Nf3 g6 4. e3 Bg7 5. Be2 Nbd7 6. h3 0-0 7. Nbd2 b6 8. 0-0 Bb7 9. c3 Nd5 10. Bh2 e5 11. dxe5 dxe5 12. Nc4 Qe7 13. Qc2 f5 14. Rfd1 f4 15. e4 N5f6 16. Ncd2 Nc5 17. Bc4+ Kh8 18. Re1 a5 19. a3 a4 20. Kh1 Ne8 21. Bd5 c6 22. Bc4 Nd6 23. Bf1 Bc8 24. Ng1 Be6 25. f3 Rfd8 26. Ne2 Nb3 27. Nxb3 Bxb3 28. Qb1 Nc4 29. Bg1 Rd2 30. Nxf4 Rxb2 31. Qc1 Rc2 32. Qd1 Rxc3 33. Qe2 exf4 34. Rac1 0-1

[Event "Ruhrgebiet Regionalliga 1819"]
[Site "Nordrheinwestfalen"]
[Date "2018.12.16"]
[Round "5.5"]
[White "Prueske, Wolfgang"]
[Black "Adiyaman, Rene"]
[Result "1-0"]
[WhiteElo "1930"]
[BlackElo "2123"]
[PlyCount "97"]
[EventDate "2018.09.02"]
[EventType "team-tourn"]
[EventRounds "11"]
[EventCountry "GER"]
[SourceTitle "EXT 2022"]
[Source "ChessBase"]
[SourceDate "2021.10.06"]
[SourceVersion "1"]
[SourceVersionDate "2021.10.06"]
[SourceQuality "1"]
[WhiteTeam "Dortmund Hansa II"]
[BlackTeam "Welper SV"]
[WhiteTeamCountry "GER"]
[BlackTeamCountry "GER"]

1. e4 e5 2. Nf3 Nc6 3. d4 exd4 4. Nxd4 Bc5 5. Nb3 Bb6 6. Nc3 Nf6 7. Qe2 d6 8. Be3 Be6 9. 0-0-0 Qe7 10. Bxb6 axb6 11. f3 0-0 12. Kb1 Ne5 13. Nd5 Nxd5 14. exd5 Bf5 15. Nd4 Qd7 16. Nxf5 Qxf5 17. Qd2 Ra5 18. Be2 Ng6 19. g3 Rfa8 20. a3 Ne7 21. Bd3 Qxd5 22. c4 Qe6 23. Rhe1 Re5 24. f4 Rxe1 25. Rxe1 Qf6 26. Qe3 Ng6 27. h4 Nf8 28. h5 h6 29. g4 Ne6 30. Qe4 Qxf4 31. Qh7+ Kf8 32. Qh8+ Ke7 33. Qxa8 Qd2 34. Rxe6+ fxe6 35. Bg6 Qd1+ 36. Ka2 Qxg4 37. Qe8+ Kf6 38. Qf7+ Kg5 39. Qe7+ Kf4 40. Qxg7 Kg3 41. Qxh6 Qxc4+ 42. Ka1 Kh4 43. Qe3 Qf1+ 44. Ka2 Qf6 45. Qe4+ Kg5 46. Qxb7 Qe7 47. Qg2+ Kh6 48. Bf5 exf5 49. Qg6# 1-0

[Event "GER-ch 89th"]
[Site "Dresden"]
[Date "2018.08.08"]
[Round "6"]
[White "Adiyaman, Rene"]
[Black "Zude, Arno"]
[Result "1/2-1/2"]
[WhiteElo "2097"]
[BlackElo "2373"]
[PlyCount "94"]
[EventDate "2018.08.03"]
[EventType "swiss"]
[EventRounds "9"]
[EventCountry "GER"]
[SourceTitle "CBM 185 Extra"]
[Source "ChessBase"]
[SourceDate "2018.07.29"]
[SourceVersion "1"]
[SourceVersionDate "2018.07.29"]
[SourceQuality "1"]

1. e4 e5 2. Nf3 Nc6 3. Bc4 Nf6 4. d3 Be7 5. 0-0 0-0 6. Re1 d6 7. a4 Na5 8. Ba2 c5 9. c3 Nc6 10. Na3 h6 11. Bd2 a6 12. h3 Re8 13. Nc4 Be6 14. Ne3 Bxa2 15. Rxa2 Bf8 16. Nf5 d5 17. Nh2 dxe4 18. dxe4 Qd7 19. b3 Rad8 20. Ng4 Nxg4 21. Qxg4 Kh7 22. Be3 Qe6 23. Bxc5 g6 24. Bxf8 Rxf8 25. Ne3 Qxb3 26. Ree2 Qxc3 27. Nd5 Qc1+ 28. Kh2 f5 29. Qh4 Qg5 30. Qxg5 hxg5 31. Reb2 Rf7 32. Rb6 Kg7 33. Rab2 Na5 34. Re6 fxe4 35. Ne3 Rd4 36. Ng4 Nc6 37. Nxe5 Nxe5 38. Rxe5 Rxa4 39. Rb6 Rc4 40. Ree6 Rc6 41. Rexc6 bxc6 42. Rxc6 Rxf2 43. Rxa6 Rf6 44. Ra4 Rf4 45. Kg3 Kf6 46. Ra6+ Kf5 47. Ra5+ Kf6 1/2-1/2

[Event "GER-ch 89th"]
[Site "Dresden"]
[Date "2018.08.05"]
[Round "3"]
[White "Adiyaman, Rene"]
[Black "Heimrath, Reiner"]
[Result "1/2-1/2"]
[WhiteElo "2097"]
[BlackElo "2200"]
[PlyCount "96"]
[EventDate "2018.08.03"]
[EventType "swiss"]
[EventRounds "9"]
[EventCountry "GER"]
[SourceTitle "CBM 185 Extra"]
[Source "ChessBase"]
[SourceDate "2018.07.29"]
[SourceVersion "1"]
[SourceVersionDate "2018.07.29"]
[SourceQuality "1"]

1. e4 d6 2. d4 Nf6 3. Nc3 e5 4. Nf3 exd4 5. Nxd4 Be7 6. Be2 0-0 7. 0-0 Re8 8. f4 Bf8 9. Bf3 Nbd7 10. Nde2 c6 11. Kh1 a5 12. g4 Nc5 13. Ng3 d5 14. exd5 cxd5 15. Nxd5 Nxg4 16. Ne3 Qxd1 17. Nxd1 Ra6 18. Kg2 Rd6 19. h3 Nf6 20. Nc3 Bd7 21. f5 Bc6 22. Bf4 Bxf3+ 23. Kxf3 Rb6 24. b3 Rc6 25. Nb5 Nd5 26. Bd2 Nb4 27. Nd4 Rd6 28. Be3 Nd5 29. Bf2 Nc3 30. Rfe1 Rc8 31. Nge2 N3e4 32. Be3 Be7 33. Nb5 Rd5 34. Ned4 Bh4 35. Re2 Bf6 36. c4 Rdd8 37. Rg1 Nd6 38. Na7 Ra8 39. Nab5 Nd3 40. Nxd6 Rxd6 41. Nb5 Ne5+ 42. Kf4 Rd7 43. Rd2 Nd3+ 44. Kf3 Re8 45. Ke2 Nf4+ 46. Kf3 Nd3 47. Ke2 Nc1+ 48. Kf3 Nd3 1/2-1/2

[Event "GER-ch 89th"]
[Site "Dresden"]
[Date "2018.08.03"]
[Round "1"]
[White "Adiyaman, Rene"]
[Black "Miller, Eduard"]
[Result "0-1"]
[WhiteElo "2097"]
[BlackElo "2309"]
[PlyCount "100"]
[EventDate "2018.08.03"]
[EventType "swiss"]
[EventRounds "9"]
[EventCountry "GER"]
[SourceTitle "CBM 185 Extra"]
[Source "ChessBase"]
[SourceDate "2018.07.29"]
[SourceVersion "1"]
[SourceVersionDate "2018.07.29"]
[SourceQuality "1"]

1. e4 e5 2. Nf3 Nc6 3. Bc4 Bc5 4. c3 Nf6 5. d3 0-0 6. 0-0 d5 7. exd5 Nxd5 8. Re1 Bg4 9. h3 Bh5 10. Nbd2 Nb6 11. Bb5 Bd6 12. Ne4 f5 13. Bg5 Ne7 14. Ng3 Bxf3 15. Qxf3 c6 16. Bc4+ Nxc4 17. dxc4 e4 18. Qe2 h6 19. Bc1 Qc7 20. Nh5 c5 21. f3 Rae8 22. fxe4 Ng6 23. Be3 Rxe4 24. Qd2 Rh4 25. Qd1 Rd8 26. Qf3 Qc6 27. Qxc6 bxc6 28. Bf2 Rxh5 29. Rad1 Kf7 30. Kf1 f4 31. Re4 Be7 32. Rde1 Rd2 33. Re6 Rxf2+ 34. Kxf2 Bh4+ 35. Kf3 Bxe1 36. Rxe1 Ne5+ 37. Ke4 Nxc4 38. Kxf4 Rd5 39. b3 Nd6 40. Re3 Kf6 41. g4 Rd2 42. a4 Rb2 43. Rd3 g5+ 44. Kf3 Nf7 45. Kg3 Rxb3 46. Rd7 Rxc3+ 47. Kg2 Ra3 48. Rxa7 c4 49. Rc7 Ne5 50. Rh7 Nf7 0-1

[Event "IBCA World Cup 8th"]
[Site "Sofia"]
[Date "2018.07.27"]
[Round "7.1"]
[White "Solak, Yusuf"]
[Black "Adiyaman, Rene"]
[Result "0-1"]
[WhiteElo "1627"]
[BlackElo "2097"]
[PlyCount "46"]
[EventDate "2018.07.21"]
[EventType "team-tourn"]
[EventRounds "7"]
[EventCountry "BUL"]
[SourceTitle "CBM 185 Extra"]
[Source "ChessBase"]
[SourceDate "2018.07.29"]
[SourceVersion "1"]
[SourceVersionDate "2018.07.29"]
[SourceQuality "1"]
[WhiteTeam "Turkey (blind)"]
[BlackTeam "Germany (blind)"]
[WhiteTeamCountry "TUR"]
[BlackTeamCountry "GER"]

1. e4 e5 2. Nf3 Nc6 3. Bb5 Nf6 4. d3 Bc5 5. 0-0 d6 6. c3 0-0 7. h3 Bb6 8. Bg5 Ne7 9. Nbd2 c6 10. Ba4 Ng6 11. Re1 h6 12. Bh4 Nxh4 13. Nxh4 Ng4 14. hxg4 Qxh4 15. Rf1 Bxg4 16. Qe1 f5 17. Bb3+ Kh8 18. Nc4 f4 19. Nxb6 f3 20. Nc4 fxg2 21. f4 Qh1+ 22. Kf2 Rxf4+ 23. Ke3 gxf1N+ 0-1

[Event "IBCA World Cup 8th"]
[Site "Sofia"]
[Date "2018.07.26"]
[Round "6.1"]
[White "Adiyaman, Rene"]
[Black "Janjic, Stefan"]
[Result "1-0"]
[WhiteElo "2097"]
[BlackElo "2125"]
[PlyCount "113"]
[EventDate "2018.07.21"]
[EventType "team-tourn"]
[EventRounds "7"]
[EventCountry "BUL"]
[SourceTitle "CBM 185 Extra"]
[Source "ChessBase"]
[SourceDate "2018.07.29"]
[SourceVersion "1"]
[SourceVersionDate "2018.07.29"]
[SourceQuality "1"]
[WhiteTeam "Germany (blind)"]
[BlackTeam "Serbia (blind)"]
[WhiteTeamCountry "GER"]
[BlackTeamCountry "SRB"]

1. e4 e6 2. d4 d5 3. Nd2 a6 4. Ngf3 c5 5. exd5 exd5 6. Be2 Nc6 7. 0-0 Nf6 8. Re1 Be6 9. Bd3 Be7 10. dxc5 Bxc5 11. Nb3 Bb6 12. Be3 0-0 13. h3 Re8 14. c3 Bxe3 15. Rxe3 Qb6 16. Qd2 Rad8 17. Rae1 h6 18. Nbd4 Nxd4 19. Nxd4 Bd7 20. Bf5 Bxf5 21. Nxf5 Ne4 22. Qd4 Qxd4 23. cxd4 Kf8 24. Rc1 Rc8 25. Ree1 Red8 26. f3 Nf6 27. Kf2 h5 28. Kg3 g6 29. Ne3 Rxc1 30. Rxc1 Ke7 31. Kf4 Kd6 32. Kg5 Nd7 33. Kh6 Re8 34. Re1 Re7 35. Kg7 Nb8 36. Nc2 Rxe1 37. Nxe1 Ke7 38. g4 hxg4 39. fxg4 g5 40. Nf3 f6 41. h4 gxh4 42. Nxh4 Nc6 43. Ng6+ Ke6 44. Nf4+ Ke7 45. Nxd5+ Kd6 46. Ne3 Ke7 47. d5 Ne5 48. Nf5+ Kd7 49. Nh6 Kd6 50. Kxf6 Nxg4+ 51. Nxg4 Kxd5 52. Ke7 Kd4 53. Kd6 b5 54. Ne5 a5 55. Nc6+ Kd3 56. Nxa5 Kc2 57. b4 1-0

[Event "Herne UFO op 9th"]
[Site "Herne"]
[Date "2018.06.02"]
[Round "6"]
[White "Adiyaman, Rene"]
[Black "Biermann, Lenhard"]
[Result "1-0"]
[WhiteElo "2092"]
[BlackElo "1989"]
[PlyCount "63"]
[EventDate "2018.05.30"]
[EventType "swiss"]
[EventRounds "7"]
[EventCountry "GER"]
[SourceTitle "CBM 184 Extra"]
[Source "ChessBase"]
[SourceDate "2018.06.28"]
[SourceVersion "1"]
[SourceVersionDate "2018.06.28"]
[SourceQuality "1"]

1. e4 e6 2. d4 d5 3. Nd2 h6 4. Bd3 Nf6 5. e5 Nfd7 6. c3 c5 7. Ne2 Nc6 8. 0-0 g5 9. Kh1 Qb6 10. f4 cxd4 11. cxd4 Nxd4 12. Nxd4 Qxd4 13. Nf3 Qb4 14. a3 Qe7 15. fxg5 Bg7 16. Bf4 Nc5 17. gxh6 Bxh6 18. Bxh6 Rxh6 19. Qc1 Rh5 20. Bb5+ Kf8 21. Qf4 a6 22. Be2 Bd7 23. g4 Rh7 24. Ng5 Rg7 25. h4 Ne4 26. Nxe4 Qxh4+ 27. Kg2 dxe4 28. Rh1 Qd8 29. Rh8+ Rg8 30. Rf1 Qe8 31. Rh7 Ke7 32. Qf6+ 1-0

[Event "Ruhrgebiet Regionalliga 1718"]
[Site "Germany"]
[Date "2018.02.11"]
[Round "6.3"]
[White "Adiyaman, Rene"]
[Black "Schiefelbusch, Dirk"]
[Result "1-0"]
[WhiteElo "2090"]
[BlackElo "2030"]
[PlyCount "63"]
[EventDate "2017.10.01"]
[EventType "team-tourn"]
[EventRounds "9"]
[EventCountry "GER"]
[SourceTitle "EXT 2022"]
[Source "ChessBase"]
[SourceDate "2021.10.06"]
[SourceVersion "1"]
[SourceVersionDate "2021.10.06"]
[SourceQuality "1"]
[WhiteTeam "Welper SV"]
[BlackTeam "Dortmund Hansa II"]
[WhiteTeamCountry "GER"]
[BlackTeamCountry "GER"]

1. e4 c6 2. d4 d5 3. exd5 cxd5 4. Bd3 Nf6 5. Nd2 Bg4 6. Ngf3 Nc6 7. c3 e6 8. 0-0 Bd6 9. Re1 0-0 10. Nf1 Bh5 11. Bg5 Rb8 12. Bh4 b5 13. a3 a5 14. Ng3 Bg6 15. Ne5 Qc7 16. Nxg6 hxg6 17. Bxf6 gxf6 18. Qg4 f5 19. Qh4 Qd8 20. Qh6 Qf6 21. Re2 Rfc8 22. Rae1 b4 23. Rxe6 fxe6 24. Nh5 Bxh2+ 25. Kh1 Qf7 26. Rxe6 gxh5 27. Rg6+ Qxg6 28. Qxg6+ Kf8 29. Qxf5+ Ke8 30. Kxh2 bxc3 31. Qe6+ Kd8 32. Qd6+ 1-0

[Event "Ruhrgebiet Regionalliga 1718"]
[Site "Germany"]
[Date "2017.10.01"]
[Round "1.4"]
[White "Koehn, Peter"]
[Black "Adiyaman, Rene"]
[Result "1-0"]
[WhiteElo "2163"]
[BlackElo "2115"]
[PlyCount "55"]
[EventDate "2017.10.01"]
[EventType "team-tourn"]
[EventRounds "9"]
[EventCountry "GER"]
[SourceTitle "EXT 2022"]
[Source "ChessBase"]
[SourceDate "2021.10.06"]
[SourceVersion "1"]
[SourceVersionDate "2021.10.06"]
[SourceQuality "1"]
[WhiteTeam "Wattenscheid SV II"]
[BlackTeam "Welper SV"]
[WhiteTeamCountry "GER"]
[BlackTeamCountry "GER"]

1. c4 Nf6 2. Nc3 c6 3. e4 d6 4. d4 Nbd7 5. Nf3 c5 6. Be2 g6 7. 0-0 Bg7 8. e5 dxe5 9. dxe5 Nh5 10. g4 Nxe5 11. Qxd8+ Kxd8 12. gxh5 gxh5 13. Rd1+ Bd7 14. Be3 Rg8 15. Kf1 Rc8 16. Rd5 Ke8 17. Rad1 Bc6 18. Rxe5 Bxf3 19. Rg5 Bc6 20. Bxh5 Kf8 21. Ke2 Rh8 22. Bxc5 Bf6 23. Rf5 Ke8 24. Bd4 Bd7 25. Bxf6 exf6 26. Rxf6 Rc5 27. Rfd6 Re5+ 28. Kf3 1-0

[Event "Ruhrgebiet Regionalliga 1617"]
[Site "Germany"]
[Date "2017.05.07"]
[Round "9.8"]
[White "Adiyaman, Rene"]
[Black "Stemmler, Fabian"]
[Result "1/2-1/2"]
[WhiteElo "2077"]
[BlackElo "1999"]
[PlyCount "141"]
[EventDate "2016.09.11"]
[EventType "team-tourn"]
[EventRounds "9"]
[EventCountry "GER"]
[SourceTitle "EXT 2022"]
[Source "ChessBase"]
[SourceDate "2021.10.06"]
[SourceVersion "1"]
[SourceVersionDate "2021.10.06"]
[SourceQuality "1"]
[WhiteTeam "Welper SV"]
[BlackTeam "Brackel SF"]
[WhiteTeamCountry "GER"]
[BlackTeamCountry "GER"]

1. e4 e6 2. d4 d5 3. Nd2 dxe4 4. Nxe4 Nd7 5. Nf3 Ngf6 6. Ng3 c5 7. c3 Qc7 8. b3 b6 9. Bb2 Bb7 10. Bd3 Bd6 11. Qe2 0-0 12. 0-0 Nd5 13. Qc2 N7f6 14. Ne4 Nxe4 15. Bxe4 Nf6 16. Bxb7 Qxb7 17. c4 Qe4 18. Qd1 Rfd8 19. Re1 Qg4 20. Qe2 Nh5 21. h3 Qg6 22. Ne5 Nf4 23. Qf3 Bxe5 24. dxe5 Nd3 25. Re2 Nxb2 26. Rxb2 Qd3 27. Qxd3 Rxd3 28. Re1 Rad8 29. Ree2 Kf8 30. f3 Ke7 31. Kf2 R8d4 32. Re3 Rd1 33. Rbe2 Ra1 34. Rb2 Rad1 35. Ree2 R1d3 36. Rec2 Rd1 37. Ke3 Re1+ 38. Re2 Red1 39. Rbd2 R4xd2 40. Rxd2 Re1+ 41. Re2 Rd1 42. f4 h5 43. Rd2 Ra1 44. Kf3 Rf1+ 45. Kg3 g6 46. Rf2 Rd1 47. Kh4 Rd3 48. g4 hxg4 49. hxg4 Rd1 50. Kg5 Rd3 51. Rh2 Rd1 52. Rh8 Rd8 53. Rxd8 Kxd8 54. Kf6 Ke8 55. f5 gxf5 56. gxf5 exf5 57. Kg5 Kd7 58. Kxf5 Ke7 59. a3 a6 60. Kf4 f6 61. Ke4 fxe5 62. Kxe5 Kd7 63. Kd5 Kc7 64. a4 a5 65. Ke5 Kd7 66. Kf5 Ke7 67. Ke5 Kd7 68. Kd5 Kc7 69. Ke6 Kc6 70. Ke7 Kc7 71. Ke8 1/2-1/2

[Event "Ruhrgebiet Verbandsliga Gruppe 2 1617"]
[Site "Germany"]
[Date "2017.04.30"]
[Round "9.1"]
[White "Schlueter, Christoph"]
[Black "Adiyaman, Rene"]
[Result "1/2-1/2"]
[WhiteElo "1979"]
[BlackElo "2073"]
[PlyCount "213"]
[EventDate "2016.09.04"]
[EventType "team-tourn"]
[EventRounds "9"]
[EventCountry "GER"]
[SourceTitle "EXT 2022"]
[Source "ChessBase"]
[SourceDate "2021.10.06"]
[SourceVersion "1"]
[SourceVersionDate "2021.10.06"]
[SourceQuality "1"]
[WhiteTeam "Kirchhellen SF"]
[BlackTeam "Welper SV II"]
[WhiteTeamCountry "GER"]
[BlackTeamCountry "GER"]

1. Nf3 Nc6 2. d4 d5 3. Bf4 Nf6 4. e3 Nh5 5. Bg5 h6 6. Bh4 g5 7. Bg3 Nxg3 8. hxg3 Bg7 9. c4 Bf5 10. Nc3 dxc4 11. Bxc4 Qd7 12. Rc1 a6 13. Na4 b6 14. Bd3 Bxd3 15. Qxd3 Nxd4 16. Nxd4 Qxa4 17. 0-0 Rd8 18. Rxc7 Bxd4 19. exd4 Qxd4 20. Re1 0-0 21. Qxd4 Rxd4 22. Rcxe7 Rd2 23. R1e2 Rfd8 24. f3 Kf8 25. g4 Rxb2 26. Rxb2 Kxe7 27. Rxb6 Rd6 28. Rb2 Ke6 29. Kf2 Ke5 30. Ke3 Rc6 31. Re2 Kd5 32. Rd2+ Kc5 33. Rb2 Rb6 34. Rc2+ Kb4 35. Rb2+ Ka5 36. Rc2 Re6+ 37. Kd4 Ka4 38. g3 a5 39. Rh2 Ka3 40. f4 gxf4 41. gxf4 Rg6 42. Rh5 a4 43. Rh2 Rxg4 44. Ke5 Rg6 45. f5 Rb6 46. Rh4 Ra6 47. Rh2 Kb4 48. Rh3 a3 49. Rb3+ Kc4 50. Rb7 f6+ 51. Ke4 Ra5 52. Rb3 Kc5 53. Rc3+ Kd6 54. Rd3+ Ke7 55. Rh3 Kd6 56. Rd3+ Ke7 57. Rh3 Kf7 58. Rb3 Ra7 59. Rg3 h5 60. Rb3 Kg7 61. Rg3+ Kf7 62. Rb3 h4 63. Kf3 Ra4 64. Rb7+ Kg8 65. Rc7 Kf8 66. Rd7 Ke8 67. Rb7 h3 68. Kg3 Rd4 69. Ra7 h2 70. Kxh2 Rd2+ 71. Kg3 Rxa2 72. Ra6 Ke7 73. Re6+ Kf7 74. Ra6 Kg7 75. Kh3 Ra1 76. Kg2 a2 77. Kh2 Kf7 78. Ra7+ Ke8 79. Kg2 Kd8 80. Kh2 Kc8 81. Ra6 Kb7 82. Ra3 Kc6 83. Ra5 Kb6 84. Ra3 Kc5 85. Ra5+ Kd4 86. Kg2 Ke4 87. Kh2 Kf3 88. Ra3+ Kf2 89. Ra4 Ke2 90. Kg2 Kd3 91. Ra7 Ke4 92. Ra5 Kf4 93. Kh2 Re1 94. Rxa2 Kxf5 95. Kg2 Kg5 96. Kf2 Re4 97. Ra3 f5 98. Rb3 Ra4 99. Rc3 Ra5 100. Rb3 Kg4 101. Kf1 f4 102. Rc3 Ra2 103. Rb3 Ra8 104. Rc3 Rh8 105. Rb3 f3 106. Rb7 Rg8 107. Kf2 1/2-1/2

[Event "Herne op 5th"]
[Site "Herne"]
[Date "2016.05.26"]
[Round "3"]
[White "Adiyaman, Rene"]
[Black "Fernkorn, Sebastian"]
[Result "1-0"]
[WhiteElo "1878"]
[BlackElo "1691"]
[PlyCount "63"]
[EventDate "2016.05.25"]
[EventType "swiss"]
[EventRounds "7"]
[EventCountry "GER"]
[SourceTitle "CBM 172 Extra"]
[Source "ChessBase"]
[SourceDate "2016.06.21"]
[SourceVersion "1"]
[SourceVersionDate "2016.06.21"]
[SourceQuality "1"]

1. e4 e5 2. Nf3 Nc6 3. Bc4 Bc5 4. c3 Nf6 5. d3 0-0 6. h3 d5 7. exd5 Nxd5 8. 0-0 Nb6 9. Bb3 Bf5 10. Bc2 Re8 11. Re1 Qd7 12. b4 Bf8 13. Qe2 Rad8 14. Rd1 Qe7 15. Nbd2 Nd5 16. Nb1 Nf4 17. Qe3 Nd5 18. Qe1 h6 19. b5 Nb8 20. Na3 e4 21. dxe4 Bxe4 22. Qxe4 Qxe4 23. Bxe4 Rxe4 24. c4 Bxa3 25. Bxa3 Rxc4 26. Be7 Rd7 27. Ne5 Rxe7 28. Nxc4 c6 29. bxc6 bxc6 30. Na5 Rd7 31. Rab1 Rd8 32. Rd2 1-0